A true and strange discourse of the trauailes of two English pilgimes : what admirable accidents befell them in their iourney towards Ierusalem, Gaza, Grand Cayro, Alexandria, and other places. Also, what rare antiquities, monuments, and notable memories (according with the ancient remembrances in the holy Scriptures) they saw in terra sancta: with a perfect description of the old and new Ierusalem, and situation of the countries about them. A discourse of no lesse admiration, then well worth the regarding: written by Henry Timberlake, on the behalfe of himselfe and his fellow pilgrime.

Bibliographic Details
Main Author: Timberlake, Henry, d. 1626
Format: eBook
Language:English
Published: London : Printed by Nicholas Okes for Thomas Archer, and are to bee sold at his Shop in Popes-head Palace, neere to the Royall Exchange, 1620.
Series:Early English books online.
Subjects:
Online Access:Connect to the full text of this electronic book

MARC

Tag First Indicator Second Indicator Subfields
LEADER 00000nam a2200000 4500
001 in00004208421
005 20200807080549.0
006 m g d
007 cr bn |||a|bb|
008 920127s1620 enk o 00| | eng d
035 |a (UnM)99849164 
037 |a CL0036000048  |b ProQuest. 789 E. Eisenhower Parkway, Ann Arbor, MI 48108-3218 
040 |a Cu-RivES  |c Cu-RivES  |d CStRLIN  |e dcrb  |d WaOLN 
100 1 |a Timberlake, Henry,  |d d. 1626. 
245 0 2 |a A true and strange discourse of the trauailes of two English pilgimes :  |b what admirable accidents befell them in their iourney towards Ierusalem, Gaza, Grand Cayro, Alexandria, and other places. Also, what rare antiquities, monuments, and notable memories (according with the ancient remembrances in the holy Scriptures) they saw in terra sancta: with a perfect description of the old and new Ierusalem, and situation of the countries about them. A discourse of no lesse admiration, then well worth the regarding: written by Henry Timberlake, on the behalfe of himselfe and his fellow pilgrime. 
246 2 |a True and strange discourse of the travailes of two English pilgimes 
246 2 |a True and strange discourse of the travailes of two English pilgrimes. 
260 |a London :  |b Printed by Nicholas Okes for Thomas Archer, and are to bee sold at his Shop in Popes-head Palace, neere to the Royall Exchange,  |c 1620. 
300 |a 1 online resource ([2], 33, [1] pages) 
336 |a text  |b txt  |2 rdacontent 
337 |a computer  |b c  |2 rdamedia 
338 |a online resource  |b cr  |2 rdacarrier 
500 |a Signatures: A-E⁴ (-A1, E4, blank?). 
500 |a Reproduction of the original in the British Library. 
510 4 |a STC (2nd edition)  |c 24085. 
533 |a Electronic reproduction.  |b Ann Arbor, Mich. :  |c UMI,  |d 1999-  |f (Early English books online)  |n Digital version of: (Early English books, 1475-1640 ; 1696:07)  |7 s1999 miun s 
651 4 |a Palestine  |x Description and travel  |v Early works to 1800. 
651 4 |a Jerusalem  |x Description and travel  |v Early works to 1800. 
830 0 |a Early English books online. 
856 4 0 |u http://proxy.library.tamu.edu/login?url=https://search.proquest.com/docview/2248549541  |z Connect to the full text of this electronic book  |t 0 
999 f f |s e5e4b88b-e624-35cf-97a2-7c13d7de5fc4  |i 2414e073-eb7d-31ca-bbfd-e73e7a9bf082  |t 0 
952 f f |a Texas A&M University  |b College Station  |c Electronic Resources  |d Available Online  |t 0  |h No information provided 
998 f f |t 0  |l Available Online